| 000 | 00475nam a2200169Ia 4500 | ||
|---|---|---|---|
| 003 | SGT | ||
| 020 | _a9788126510450 | ||
| 082 |
_a530.41 _bKIT |
||
| 100 | _aKittel,C | ||
| 245 | _aIntroduction to Solid State Physics | ||
| 250 | _a11th Ed. | ||
| 260 |
_bWiley India Pvt. Ltd. _aN.Delhi _c2009 |
||
| 300 | _a673p. | ||
| 650 | _aPHYSICS | ||
| 653 | _aCRYSTAL STRUCTURE,RECIPROCAL LATTICE, CRYSTAL BINDING AND ELASTIC CONSTANTS, PHONONS I .CRYSTAL VIBATIONS | ||
| 942 |
_2ddc _cBK |
||
| 999 |
_c5125 _d5125 |
||